000 00640nam a22002297a 4500
003 DO-SdBNP
005 20180208142611.0
008 161117b 1999 sp a|| 00| 0 spa d
020 _a9788434567375
040 _aBPMSU
_bspa
_cBPMSU
082 4 _axxxxxxxx
_bxxxxxxxx
100 1 _aGoscinny, R.
245 1 3 _aEl adivino /
_cR. Goscinny, A. Uderzo ; traducción Víctor Mora
260 _aMadrid :
_bHachette,
_c1999.
300 _a48 p. :
_bil.,
_c30 cm.
490 1 _aAsterix
700 1 _aMora, Víctor,
_etr.
830 0 _aAsterix
942 _2ddc
_cBK
945 _aInventariado, 2018 / BT
956 _aBTAVÁREZ
_b10
_c20161117
_d0011782
999 _c11981
_d11981